000 00366nam a22001577a 4500
005 20240716105139.0
008 240716b |||||||| |||| 00| 0 eng d
041 _aeng
082 _2330
_aKOL
100 _aKolapkar A.
_9205995
245 _aArthasakshar Vha.
260 _aPune
_bArthasakshar.com
_c2021
300 _a389
500 _aEconomics
942 _cBK
999 _c359110
_d359110